LIBRARY ONLINE CATALOGUE

Changing concepts of crime and its treatment (Record no. 18478)

MARC details
000 -LEADER
fixed length control field 00337nam a22001217a 4500
008 - FIXED-LENGTH DATA ELEMENTS--GENERAL INFORMATION
fixed length control field 200813b xxu||||| |||| 00| 0 eng d
020 ## - INTERNATIONAL STANDARD BOOK NUMBER
International Standard Book Number 1483118741
050 ## - LIBRARY OF CONGRESS CALL NUMBER
Classification number HV6028
Item number .C43 1966 c.1
245 ## - TITLE STATEMENT
Title Changing concepts of crime and its treatment
Statement of responsibility, etc. Edited by Hugh J. Klare
300 ## - PHYSICAL DESCRIPTION
Extent ix, 186p.
650 ## - SUBJECT ADDED ENTRY--TOPICAL TERM
Topical term or geographic name as entry element criminology
942 ## - ADDED ENTRY ELEMENTS (KOHA)
Source of classification or shelving scheme Library of Congress Classification
Koha item type General Collection
Holdings
Withdrawn status Lost status Source of classification or shelving scheme Not for loan Home library Current library Date acquired Cost, normal purchase price Total Checkouts Full call number Barcode Date last seen Price effective from Koha item type Date last checked out
    Library of Congress Classification   Kabarak, Main Campus Kabarak, Main Campus 13/08/2020 4745.00   HV6028 .C43 1966 c.1 030198 13/08/2020 13/08/2020 General Collection  
    Library of Congress Classification   Kabarak, Main Campus Kabarak, Main Campus 13/08/2020 4745.00 1 HV6028 .C43 1966 c.2 030199 03/06/2024 13/08/2020 General Collection 20/05/2024
    Library of Congress Classification   Kabarak, Main Campus Kabarak, Main Campus 13/08/2020 4745.00   HV6028 .C43 1966 c.3 030200 13/08/2020 13/08/2020 General Collection  
    Library of Congress Classification   Kabarak, Main Campus Kabarak, Main Campus 13/08/2020 4745.00   HV6028 .C43 1966 c.4 030201 13/08/2020 13/08/2020 General Collection  
    Library of Congress Classification   Kabarak, Main Campus Kabarak, Main Campus 13/08/2020 4745.00   HV6028 .C43 1966 c.5 030202 13/08/2020 13/08/2020 General Collection